ბათუმის შოთა რუსთაველის სახელმწიფო უნივერსიტეტის ბიბლიოთეკა

საქართველოს მცენარეული საფარი / (ბიბ.ჩანაწერი № 35845)

000 -ლიდერი
ფიქსირებული სიგრძის საკონტროლო ველი 01088nam a2200229Ia 4500
001 - საკონტროლო ნომერი
საკონტროლო ველი 1736
003 - საკონტროლო ნომრის იდენტიფიკატორი
საკონტროლო ველი GE_BSU
005 - ბოლო ოპერაციის თარიღი და დრო
საკონტროლო ველი 20211228114537.0
008 - ფიქსირებული სიგრძის მონაცემთა ელემენტები - ზოგადი ინფორმაცია
ფიქსირებული სიგრძის საკონტროლო ველი 181216s1959ge xx |||||||||||||| ||geo||
040 ## - კატალოგიზაციის წყარო
Transcribing agency GE_BSU
080 ## - უნივერსალური ათობითი კლასიფიკაციის ინდექსი
Universal Decimal Classification number 581 კ 43
100 ## - მთავარი ჩანაწერი - პიროვნების სახელი
Personal name კეცხოველი,ნ
9 (RLIN) 13363
245 ## - ცნობა სათაურის შესახებ
Title საქართველოს მცენარეული საფარი /
Statement of responsibility, etc ნ.კეცხოველი, რედ. კ.ნინუა
264 ## - წარმოების, გამოცემის, დისტრიბუციის და სხვა ცნობები
გამოცემის, წარმოების, დისტრიბუციის... ადგილი თბილისი :
გამოცემის, წარმოების, დისტრიბუციის... სახელწოდება სწაქ. მეცნ. აკადემიის,
გამოცემის, წარმოების, დისტრიბუციის... თარიღი 1959
300 ## - ფიზიკური აღწერა
Extent 443 გვ .:
Other physical details 103 ილ. და რუკ. ;
Dimensions 25 სმ.
504 ## - BIBLIOGRAPHY, ETC. NOTE
Bibliography, etc ბიბლიოგრ. ყოველი თვის შემდეგ.
546 ## - LANGUAGE NOTE
Language note დამატ. თავფურც. რუს. ენ.
653 ## - INDEX TERM--UNCONTROLLED
Uncontrolled term საქართველოს მცენარეული საფარი
653 ## - INDEX TERM--UNCONTROLLED
Uncontrolled term საქართველოს მცენარეულობა.
700 ## - ADDED ENTRY--PERSONAL NAME
Personal name ნინუა, კ
Relator term რედაქტორი
9 (RLIN) 13364
942 ## - ADDED ENTRY ELEMENTS (KOHA)
Koha item type წიგნი
Source of classification or shelving scheme
ეგზემპლარები
ჩამოწერის სტატუსი დაკარგული ეგზემპლარის სტატუსი კლასიფიკაციის წყარო ან თაროზე გაწყობის სქემა დაზიანების სტატუსი არ გაიცემა მუდმივი მდებარეობა (დაცვის ადგილი) ამჟამინდელი ადგილსამყოფელი თაროზე განთავსების ადგილი შეძენის თარიღი ღირებულება, შესყიდვის ნორმალური ფასი სრული შენახვის შიფრი შტრიხკოდი ბოლო ოპერაციის თარიღი ეგზემპლარის მიმდევრობითი ნომერი (კეტერი?) ფასის ძალაში შესვლის თარიღი ეგზემპლარის სახეობა საჯარო შენიშვნა
          ბათუმის შოთა რუსთაველის სახელმწიფო უნივერსიტეტის მთავარი ბიბლიოთეკა ბათუმის შოთა რუსთაველის სახელმწიფო უნივერსიტეტის მთავარი ბიბლიოთეკა წიგნსაცავი 2018-12-17 20.00 581.9 (479.22) კ 43 3564 2018-12-17 3564 2018-12-17 წიგნი 20 ლ.
          ბათუმის შოთა რუსთაველის სახელმწიფო უნივერსიტეტის მთავარი ბიბლიოთეკა ბათუმის შოთა რუსთაველის სახელმწიფო უნივერსიტეტის მთავარი ბიბლიოთეკა წიგნსაცავი 2021-12-28 7.00 581.9 (479.22) კ 43 62111 2021-12-28 62111 2021-12-28 წიგნი 7.00